Bangladesh-visa - Statistics

Yleistilastot
  • Tätä visaa on pelattu 385 kertaa
  • Keskiarvotulos 10 / 16
Vastaustilastot
Vihje Vastaus % Oikein
Bangladeshin naapurimaat Intia
96%
Euroopan valtio, jonka siirtomaa Bangladesh oli vuoteen 1947 asti Yhdistynyt kuningaskunta
92%
Bangladeshin naapurimaat Myanmar
89%
Yleisin uskonto Islam
86%
Pääkaupunki Dhaka
85%
Suosituin urheilulaji Kriketti
78%
Valtio, josta Bangladesh itsenäistyi vuonna 1971 Pakistan
77%
Bangladeshin kansalliseläin Bengalintiikeri
74%
Ainoa yli 5 miljoonan asukkaan valtio, joka on tiheämmin asutettu Singapore
65%
Onnettomuustyyppi, joka tappoi ainakin 50 000 ihmistä vuosina 1582, 1699, 1822, 1847, 1876, 1970 ja 1991 Sykloni
54%
Suurin osa Bangladeshista sijaitsee tässä joensuistossa {Gangesin} suisto
47%
Sundarbans muodostuu tällaisesta rannikkometästä Mangrove
41%
Toiseksi väkirikkain kaupunki Chittagong
38%
Cox's Bazarissa sijaitsee yksi maailman pisimmistä tällaisista Uimaranta
36%
Bangladeshin kansallishedelmä, joka voi painaa jopa 35 kilogrammaa {Jakki}hedelmä
34%
Bangladeshin valuutta Taka
26%
Ehtoja vastaavia visoja ei löytynyt
Tulosjakauma
Jokaisen tuloksen saaneiden osuus
Persentiili vastausten määrän mukaan
Tuloshistoriasi
Et ole pelannut tätä visaa